| 000 | 00522nam a2200205Ia 4500 | ||
|---|---|---|---|
| 003 | GCL | ||
| 008 | 140319s9999 xx 000 0 eng d | ||
| 040 |
_aGCL / _cGCL |
||
| 082 | 0 | 4 |
_aCH _b843 _bS E |
| 100 | 1 | _aSEGUR, LA COMTESSE DE | |
| 245 | 1 | 0 |
_aLES EXPLOITS DE CADICHON / _cSEGUR, LA COMTESSE DE |
| 700 | 1 | _aMILLOUR, GILBERTE | |
| 260 |
_a[S.N] : _bHEMMA |
||
| 300 | _a119 P | ||
| 650 | 0 | 4 | _aFICTION |
| 650 | 0 | 4 | _aFRENCH FICTION |
| 650 | 0 | 4 | _aFRENCH LITERATURE |
| 650 | 0 | 4 | _aCHILDREN - FICTION |
| 942 |
_2ddc _cBK |
||
| 999 |
_c14484 _d14484 |
||